| 000 | 00374pab a2200157 454500 | ||
|---|---|---|---|
| 008 | 180718b1997 xxu||||| |||| 00| 0 eng d | ||
| 100 | _aOommen, M.A. | ||
| 245 | _aFifty years of planning for the poor: a looking back | ||
| 260 | _c1997 | ||
| 300 | _ap.3-7 | ||
| 362 | _aAug | ||
| 650 | _aPoverty - India | ||
| 650 | _aPoverty | ||
| 773 | _aKurukshetra | ||
| 909 | _a35370 | ||
| 999 |
_c35370 _d35370 |
||